| 000 | 00668nam a22001937a 4500 | ||
|---|---|---|---|
| 999 |
_c173800 _d173800 |
||
| 005 | 20200309113336.0 | ||
| 010 | _aUR-10733 | ||
| 020 |
_c200.00 _a- |
||
| 035 | _aU-9288 | ||
| 037 |
_bDBAD/PUB _a- |
||
| 082 | _a844.08 | ||
| 100 | _aعطا ء ا للہ خا ن | ||
| 245 |
_aتحقيقی مضا مين ا و ر تبصر ے _cعطا ء ا للہ خا ن |
||
| 246 |
_bTehqeeqi Mazameen Aur Tabsare (Urdu) _aby Ataullah Khan |
||
| 260 |
_aDelhi _bEducational publishing House _c2019 ء |
||
| 270 |
_a3191,Vakil Street,Kucha Pandit,Lal Kuan, _bDelhi _e110006 _k23216162 _l- |
||
| 300 |
_a236 ص _c22 Cm(Hb) |
||
| 942 |
_2ddc _cUR _h844.08 _mخ ا ن |
||